Cruel avril : (Record no. 3628)

MARC details
000 -LEADER
fixed length control field 01078cam a2200301 a 4500
001 - CONTROL NUMBER
control field 3628
003 - CONTROL NUMBER IDENTIFIER
control field FISKH
005 - DATE AND TIME OF LATEST TRANSACTION
control field 20240329152123.0
008 - FIXED-LENGTH DATA ELEMENTS--GENERAL INFORMATION
fixed length control field 881216s1987 fr fa b 001 0 fre
010 ## - LIBRARY OF CONGRESS CONTROL NUMBER
LC control number 88136760
020 ## - INTERNATIONAL STANDARD BOOK NUMBER
International Standard Book Number 2221048520 :
Terms of availability 125F
040 ## - CATALOGING SOURCE
Original cataloging agency DLC
Transcribing agency DLC
Modifying agency DLC
Language of cataloging eng
043 ## - GEOGRAPHIC AREA CODE
Geographic area code a-vt---
050 00 - LIBRARY OF CONGRESS CALL NUMBER
Classification number DS559.9.S24
Item number T63 1987
082 ## - DEWEY DECIMAL CLASSIFICATION NUMBER
Classification number 959.704
100 1# - MAIN ENTRY--PERSONAL NAME
Personal name Todd, Olivier.
245 10 - TITLE STATEMENT
Title Cruel avril :
Remainder of title 1975, la chute de Saigon /
Statement of responsibility, etc. Olivier Todd.
250 ## - EDITION STATEMENT
Edition statement 2005
260 ## - PUBLICATION, DISTRIBUTION, ETC.
Place of publication, distribution, etc. Paris :
Name of publisher, distributor, etc. Perrin,
Date of publication, distribution, etc. c1987.
300 ## - PHYSICAL DESCRIPTION
Extent 479 pages, 16 pages of plates :
Other physical details illustrations ;
Dimensions 25 cm.
500 ## - GENERAL NOTE
General note Includes index.
504 ## - BIBLIOGRAPHY, ETC. NOTE
Bibliography, etc. note Bibliography: p. [467]-470.
520 ## - SUMMARY, ETC.
Summary, etc. A French journalist recounts his experience of the fall of Saigon, taking a close, historical look at the four months leading up to it on human, military, diplomatic, and political levels
650 #0 - SUBJECT ADDED ENTRY--TOPICAL TERM
Topical term or geographic name entry element Vietnam War, 1961-1975
Geographic subdivision Vietnam
-- Ho Chi Minh City.
651 #0 - SUBJECT ADDED ENTRY--GEOGRAPHIC NAME
Geographic name Ho Chi Minh City (Vietnam)
General subdivision History.
906 ## - LOCAL DATA ELEMENT F, LDF (RLIN)
a 7
b cbc
c orignew
d 3
e ncip
f 19
g y-gencatlg
942 ## - ADDED ENTRY ELEMENTS (KOHA)
Source of classification or shelving scheme Dewey Decimal Classification
Koha item type Books
Suppress in OPAC No
Holdings
Withdrawn status Lost status Source of classification or shelving scheme Damaged status Not for loan Collection Home library Current library Shelving location Date acquired Total Checkouts Full call number Barcode Date last seen Price effective from Koha item type
    Dewey Decimal Classification     Non-Fiction Footprints International School Library Network Toul Kork Campus Footprints International School Library Network Toul Kork Campus TK Floor 4 Rear Hallway Shelf 1 (Adult/Secondary Foriegn Language/Khmer) 03/29/2024   TOD 959.704 DS559.S24 2024-0424 03/29/2024 03/29/2024 Books